Repensando la Administracin̤ Pb︢lica Administracin̤ digital e innovacin̤ pb︢lica /

Detalles Bibliográficos
Autor principal: Rami,̤ Carles
Formato: eBook
Lenguaje:español
Publicado: Madrid: Instituto Nacional de Administracin̤ Pb︢lica (INAP), 2021
Materias:
Acceso en línea:Acceso restringido

MARC

LEADER 00000nam a22000007a 4500
005 20210519221555.0
007 cr|||| |||
008 210519s2021 es |||||s|||| 00||0 spa d
020 |a 978-84-7351-712-6 
035 |a 33589 
040 |a vLex 
090 |c 11738  |d 11738 
100 1 |a Rami,̤ Carles 
245 1 0 |a Repensando la Administracin̤ Pb︢lica  |h [Recurso electrn̤ico] :  |b Administracin̤ digital e innovacin̤ pb︢lica /  |c Carles Rami̤ 
256 |a Servicio en ln̕ea 
260 |a Madrid:  |b Instituto Nacional de Administracin̤ Pb︢lica (INAP),  |c 2021 
300 |a 1 recurso electrn̤ico 
500 |a Las ciencias sociales nos han acostumbrado a ver la Administracin̤ Pb︢lica como una forma de organizacin̤ y, por tanto, de poder, lo cual es correcto, pero probablemente con cierto descuido de su componente de comunicacin̤. El pegamento ordinario de la sociedad, la relacin̤ social por excelencia, es la comunicacin̤, Cada cambio de cierto relieve en los medios de informacin̤ y comunicacin̤, bien fuera por la introduccin̤ de medios nuevos o por su generalizacin̤, ha tenido efectos decisivos en la estructura y funcionamiento del Estado, haya sido iniciado, propiciado, conformado o resistido por este. Pero, por encima de todo, hay tres grandes transformaciones que merecen ser seąladas de manera singular por su alcance general para la sociedad y sobre el Estado y la Administracin̤ en particular: concretamente las trad̕as por la escritura, la imprenta y la digitalizacin̤. 
506 1 |a Disponible solo en los productos indicados  |d vLex Global  |d vLex Global (Academic Edition, excluding Law Schools)  |d vLex Global (U.S. Academic Edition, Law Schools)  |d vLex Global (U.S. Academic Edition, excluding Law Schools)  |d vLex Global (Academic Edition, Law Schools) 
650 0 4 |a Derecho Pb︢lico y Administrativo  |z Espaą 
740 0 |a vLex Libros (Servicio en ln̕ea) 
856 4 0 |u https://vlex.com/source/repensando-la-administracion-publica-administracion-digital-e-innovacion-publica-33589  |z Acceso restringido 
942 |c BOOK 
999 0 |a Public and Administrative Law